| 000 | 00867nam a2200253Ia 4500 | ||
|---|---|---|---|
| 003 | OSt | ||
| 005 | 20220918110950.0 | ||
| 006 | a|||||r|||| 00| 0 | ||
| 007 | ta | ||
| 008 | 220915b |||||||| |||| 00| 0 hin d | ||
| 020 |
_a8170553938 (hbk) _c150 |
||
| 024 | _a254978 | ||
| 037 |
_b515, 08/03/2010, Vani Prakashan _cReference Collections |
||
| 040 |
_aARTS _cARTS _bhin |
||
| 041 |
_2hin _ahin |
||
| 082 | _aAk, P7(RR) | ||
| 100 |
_aझा, गोविन्द _99692 |
||
| 245 | 0 | _aआरम्भिक विज्ञान कोश | |
| 246 | _aĀrambhik vijnyān kosha | ||
| 260 |
_aनई दिल्ली _bवाणी प्रकाशन भारत _c2007 |
||
| 300 | _a168पृ0 | ||
| 942 |
_hAk, P7(RR) _cREF |
||
| 999 |
_c116054 _d116054 |
||